[Event "Washington Open"]
[Site "Chess.com"]
[Date "2020.05.23"]
[Round "?"]
[White "Tessiore, Luca"]
[Black "Gurumurthy, Srikrishna"]
[Result "1-0"]
[WhiteElo "1135"]
[BlackElo "1232"]
[PlyCount "79"]
[EventDate "2020.??.??"]

1. d4 Nf6 2. c4 g6 3. Nf3 Bg7 4. Nc3 O-O 5. e4 d6 6. Bd3 Nbd7 7. O-O c5 8. d5
Ng4 9. Be2 Nge5 10. Nxe5 Nxe5 11. f4 Nd7 12. Be3 Qb6 13. Rb1 a6 14. Qc2 Rb8 15.
a3 Qc7 16. f5 b6 17. Qd2 Bb7 18. Kh1 Rbd8 19. Rf3 Nf6 20. Rh3 Bc8 21. Rf1 e6
22. Bh6 exf5 23. Bxg7 Kxg7 24. Qh6+ Kg8 25. exf5 Rfe8 26. g4 Qe7 27. fxg6 fxg6
28. Rxf6 Qxf6 29. Qxh7+ Kf8 30. Rf3 Bf5 31. gxf5 g5 32. Rh3 Qg7 33. Qh5 Ke7 34.
f6+ Kxf6 35. Rf3+ Ke7 36. Re3+ Kd7 37. Bg4+ Kc7 38. Rxe8 Rxe8 39. Qxe8 Qf6 40.
Qc8# 1-0

[Event "Washington Open"]
[Site "Chess.com"]
[Date "2020.05.24"]
[Round "?"]
[White "Nallabothula, Varin"]
[Black "Tessiore, Luca"]
[Result "0-1"]
[WhiteElo "1293"]
[BlackElo "1135"]
[PlyCount "172"]
[EventDate "2020.??.??"]

1. e4 c5 2. Nc3 Nc6 3. g3 g6 4. Bg2 Bg7 5. d3 Nf6 6. Be3 d6 7. f4 Rb8 8. Nf3
Qc7 9. Qd2 O-O 10. O-O Ng4 11. Nd1 Nxe3 12. Qxe3 Nd4 13. Qd2 b5 14. c3 Nc6 15.
Ne3 Kh8 16. g4 b4 17. d4 bxc3 18. bxc3 cxd4 19. cxd4 Qd8 20. Rab1 Rxb1 21. Rxb1
e5 22. fxe5 dxe5 23. d5 Nd4 24. Nxd4 exd4 25. Nc2 Qd6 26. h3 Ba6 27. Nb4 Rb8
28. a3 Bb5 29. Rc1 Be5 30. Nd3 Bxd3 31. Qxd3 Kg7 32. a4 Rb2 33. Rf1 h6 34. Kh1
Qb4 35. Qf3 f6 36. Qd1 Ra2 37. Qb1 Rxa4 38. Qxb4 Rxb4 39. Ra1 Kf8 40. Bf3 Rb3
41. Kg2 Rb7 42. Ra2 Ke7 43. Be2 g5 44. Bc4 Kd8 45. Be2 Rb3 46. Bf3 Kc7 47.
Rxa7+ Kb6 48. Ra2 Kb5 49. Be2+ d3 50. Bf1 Kc4 51. Ra4+ Kc5 52. Ra2 Rc3 53. Rf2
Bd4 54. Rf3 Rc2+ 55. Kh1 d2 56. Rd3 Rc1 57. Rxd2 Rxf1+ 58. Kg2 Rg1+ 59. Kh2 Re1
60. d6 Be5+ 61. Kg2 Bxd6 62. Rd5+ Kc6 63. Kf3 Rh1 64. Rf5 Rxh3+ 65. Kg2 Rg3+
66. Kf2 Be5 67. Rxe5 fxe5 68. Kxg3 Kc5 69. Kf2 Kd4 70. Kf3 Kd3 71. Kf2 Kxe4 72.
Ke2 Kf4 73. Kf2 Kxg4 74. Ke3 h5 75. Ke4 h4 76. Kxe5 h3 77. Ke4 h2 78. Ke3 h1=Q
79. Kf2 Qf3+ 80. Kg1 Kh4 81. Kh2 g4 82. Kg1 Qd1+ 83. Kg2 Qd2+ 84. Kh1 g3 85.
Kg1 Qh2+ 86. Kf1 Qf2# 0-1

[Event "Washington Open"]
[Site "Chess.com"]
[Date "2020.05.24"]
[Round "?"]
[White "Kolar, Tom"]
[Black "Tessiore, Luca"]
[Result "1/2-1/2"]
[WhiteElo "1277"]
[BlackElo "1135"]
[PlyCount "96"]
[EventDate "2020.??.??"]

1. e4 c5 2. Nf3 Nc6 3. c3 g6 4. Bb5 Bg7 5. O-O d6 6. d4 cxd4 7. cxd4 Bd7 8. a3
a6 9. Ba4 b5 10. Bc2 Nf6 11. h3 O-O 12. Nc3 e6 13. b4 Rc8 14. Bg5 Qc7 15. Bd2
Rfd8 16. Rc1 Qb7 17. Re1 Nxe4 18. Nxe4 Nxd4 19. Nxd4 Bxd4 20. Bg5 f6 21. Bxf6
Bxf6 22. Nxf6+ Kf7 23. Nxd7 Qxd7 24. Bb3 d5 25. Rxc8 Rxc8 26. Qd2 Qd6 27. Rc1
Rxc1+ 28. Qxc1 Qe5 29. Kf1 Qh2 30. Qg5 Qh1+ 31. Ke2 Qa1 32. Bxd5 Qb2+ 33. Kf1
Qb1+ 34. Ke2 Qc2+ 35. Qd2 Qxd2+ 36. Kxd2 exd5 37. Kd3 Ke6 38. Kd4 Kd6 39. f4
Ke6 40. g4 h6 41. Kc5 h5 42. Kd4 Kd6 43. f5 hxg4 44. hxg4 g5 45. Kc3 Ke5 46.
Kb3 d4 47. Kc2 Kd6 48. Kd2 Kd5 1/2-1/2

[Event "Washington Open"]
[Site "Chess.com"]
[Date "2020.05.25"]
[Round "?"]
[White "Tessiore, Luca"]
[Black "Brown, Northern"]
[Result "0-1"]
[WhiteElo "1135"]
[BlackElo "1480"]
[PlyCount "64"]
[EventDate "2020.??.??"]

1. d4 g6 2. e4 Bg7 3. Nf3 d6 4. Nc3 Nf6 5. Bd3 Nbd7 6. O-O O-O 7. Re1 c5 8. Be3
cxd4 9. Nxd4 Nc5 10. h3 a6 11. Qd2 Re8 12. Rad1 Bd7 13. a3 Rc8 14. Bh6 Bh8 15.
Bf1 Qc7 16. h4 Ng4 17. Be3 Nxe3 18. Qxe3 Ne6 19. Nxe6 Bxe6 20. Bd3 Qc5 21. Qxc5
Rxc5 22. Rb1 b5 23. Nd1 Bc4 24. Ne3 Bxd3 25. cxd3 e6 26. f3 Bd4 27. Kf2 Rec8
28. Kg3 Kg7 29. Nf1 Rc2 30. b3 Bf2+ 31. Kh2 Bxe1 32. Rxe1 R2c3 0-1

[Event "Washington Open"]
[Site "Chess.com"]
[Date "2020.05.25"]
[Round "?"]
[White "Tessiore, Luca"]
[Black "Kona, Vidip"]
[Result "0-1"]
[WhiteElo "1135"]
[BlackElo "1261"]
[PlyCount "72"]
[EventDate "2020.??.??"]

1. d4 Nf6 2. c4 g6 3. Nf3 Bg7 4. Nc3 O-O 5. e4 d6 6. Be2 c5 7. e5 dxe5 8. dxe5
Nfd7 9. Bf4 Nc6 10. e6 fxe6 11. Bg3 Qa5 12. Qc2 Nd4 13. Nxd4 cxd4 14. Qa4 Qf5
15. Nd1 Nc5 16. Qb4 a5 17. Qa3 Qe4 18. Qxc5 d3 19. Ne3 dxe2 20. Kxe2 Bxb2 21.
Rad1 Bf6 22. f3 Qc6 23. Qxc6 bxc6 24. Rb1 Ba6 25. Rb6 Rfc8 26. Rd1 Bc3 27. Kf2
Bb4 28. Rc1 Bc5 29. Rb3 Rd8 30. Be5 Rd2+ 31. Kg1 Re2 32. Bf4 Rxa2 33. Rd3 Ra4
34. Kh1 Bxe3 35. Rxe3 Bxc4 36. Rec3 Bd5 0-1

[Event "Washington Open"]
[Site "Chess.com"]
[Date "2020.05.23"]
[Round "?"]
[White "Prabhu, Varun"]
[Black "Peesa, Rahul"]
[Result "1-0"]
[WhiteElo "1000"]
[BlackElo "1107"]
[PlyCount "113"]
[EventDate "2020.??.??"]

1. d4 d5 2. Nf3 Nf6 3. Bg5 e6 4. Bxf6 Qxf6 5. Nc3 c5 6. Nb5 Qd8 7. e3 cxd4 8.
Nbxd4 e5 9. Nxe5 Bd6 10. Bb5+ Bd7 11. Bxd7+ Nxd7 12. Nxd7 Qxd7 13. c3 O-O 14.
Nf3 Bc5 15. Qd3 Rfe8 16. Ng5 g6 17. b4 Bf8 18. e4 dxe4 19. Qxd7 Re7 20. Qd4 Bg7
21. Qc5 Ree8 22. Qd5 Re7 23. Nxe4 Bxc3+ 24. Kd1 Ree8 25. Nxc3 Rad8 26. Qxd8
Rxd8+ 27. Ke1 Rd3 28. Nb5 a6 29. Nc7 Rd7 30. Na8 Kf8 31. Rc1 Rd8 32. Nb6 Ke7
33. Rc7+ Kd6 34. Rxf7 Re8+ 35. Kd1 Rd8 36. Rxh7 Kc6+ 37. Nd7 Rxd7+ 38. Rxd7
Kxd7 39. Kc2 Kc6 40. Re1 Kb5 41. a3 Ka4 42. Kb2 g5 43. Re5 b5 44. Rxg5 a5 45.
Rg4 axb4 46. Rxb4+ Ka5 47. Kc3 Kb6 48. a4 Ka7 49. axb5 Kb6 50. h4 Ka7 51. h5
Kb7 52. h6 Ka7 53. h7 Kb6 54. h8=Q Kb7 55. Re4 Kb6 56. Qh6+ Ka5 57. Qa6# 1-0

[Event "Washington Open"]
[Site "Chess.com"]
[Date "2020.05.23"]
[Round "?"]
[White "Kona, Vidip"]
[Black "Prabhu, Varun"]
[Result "1-0"]
[WhiteElo "1261"]
[BlackElo "1000"]
[PlyCount "25"]
[EventDate "2020.??.??"]

1. e4 e5 2. Nf3 f6 3. d4 exd4 4. Nxd4 c5 5. Nf3 b6 6. Nh4 g5 7. Qh5+ Ke7 8.
Nf5+ Ke6 9. Bc4+ Ke5 10. Bd5 Bd6 11. g3 Nc6 12. f4+ gxf4 13. gxf4# 1-0

[Event "Washington Open"]
[Site "Chess.com"]
[Date "2020.05.24"]
[Round "?"]
[White "Prabhu, Varun"]
[Black "Williamson, Michelle"]
[Result "0-1"]
[WhiteElo "1000"]
[BlackElo "1118"]
[PlyCount "82"]
[EventDate "2020.??.??"]

1. d4 d5 2. e3 c6 3. Nc3 Nf6 4. f4 Bg4 5. Be2 Bxe2 6. Ngxe2 e6 7. Ng3 Nbd7 8.
Nh5 c5 9. dxc5 Nxc5 10. Nxf6+ Qxf6 11. Nb5 Qd8 12. Qh5 Qa5+ 13. Bd2 Qxb5 14. a4
Qxb2 15. Rc1 Ne4 16. Qd1 Qf6 17. Rb1 b6 18. c3 Qh4+ 19. g3 Nxg3 20. hxg3 Qxh1+
21. Ke2 Qxd1+ 22. Rxd1 Bc5 23. Rc1 O-O 24. c4 Rac8 25. cxd5 exd5 26. Rg1 Rfe8
27. Kf2 d4 28. exd4 Bxd4+ 29. Kf3 Bxg1 30. Kg2 Bc5 31. Bc3 a6 32. a5 b5 33. Ba1
b4 34. f5 f6 35. g4 b3 36. g5 Be7 37. gxf6 Bxf6 38. Bxf6 gxf6 39. Kf1 Rc2 40.
Kg1 b2 41. Kf1 b1=Q# 0-1

[Event "Washington Open"]
[Site "Chess.com"]
[Date "2020.05.24"]
[Round "?"]
[White "Verma, Darsh"]
[Black "Prabhu, Varun"]
[Result "1-0"]
[WhiteElo "840"]
[BlackElo "1000"]
[PlyCount "35"]
[EventDate "2020.??.??"]

1. e4 c5 2. Nf3 Nf6 3. Nc3 d5 4. exd5 Nxd5 5. Nxd5 Qxd5 6. Be2 Bg4 7. O-O Bxf3
8. Bxf3 Qe5 9. Bxb7 e6 10. Bxa8 Bd6 11. g3 f5 12. d3 h5 13. Bf4 Qxb2 14. Bxd6
Na6 15. Qf3 Kd7 16. Qc6+ Kd8 17. Bb7 Nb4 18. Qc8# 1-0

[Event "Washington Open"]
[Site "Chess.com"]
[Date "2020.05.25"]
[Round "?"]
[White "Prabhu, Varun"]
[Black "Merriman, Dann"]
[Result "0-1"]
[WhiteElo "1000"]
[BlackElo "727"]
[PlyCount "66"]
[EventDate "2020.??.??"]

1. d4 d5 2. Nc3 Nc6 3. Bd2 Nf6 4. Bg5 Bf5 5. g3 h6 6. Bd2 Nb4 7. a3 Nxc2+ 8.
Qxc2 Bxc2 9. Rc1 Bf5 10. Nb5 Rc8 11. Nxa7 Rb8 12. Nb5 c6 13. Nc3 e6 14. Bf4 Bd6
15. Bd2 O-O 16. f3 e5 17. dxe5 Bxe5 18. Nd1 Bd6 19. g4 Bg6 20. f4 Re8 21. f5
Bh7 22. g5 hxg5 23. Bxg5 Bxf5 24. Ne3 Be4 25. Nf3 Bxf3 26. exf3 Qd7 27. Kd2 d4
28. Nc4 b5 29. Na5 b4 30. axb4 Bxb4+ 31. Kc2 Bxa5 32. Rg1 d3+ 33. Kd1 Re1# 0-1

[Event "Washington Open"]
[Site "Chess.com"]
[Date "2020.05.25"]
[Round "?"]
[White "Johnson, Tobias"]
[Black "Prabhu, Varun"]
[Result "1-0"]
[WhiteElo "567"]
[BlackElo "1000"]
[PlyCount "41"]
[EventDate "2020.??.??"]

1. e4 e5 2. Nf3 f6 3. Nc3 g6 4. Bc4 Nh6 5. d3 f5 6. exf5 Nxf5 7. Nxe5 Qe7 8. d4
Qd6 9. d5 Qxe5+ 10. Be3 Nxe3 11. fxe3 Qxe3+ 12. Qe2 Bc5 13. Qxe3+ Bxe3 14. Ne4
d6 15. Nf6+ Kf7 16. Ng4 Bd4 17. O-O-O Bc5 18. Rhf1+ Ke8 19. Rde1+ Kd8 20. Nh6
Nd7 21. Nf7# 1-0

[Event "Washington Open"]
[Site "Chess.com"]
[Date "2020.05.23"]
[Round "?"]
[White "Bhatia, Tanush"]
[Black "Kanaparthi, Kushal K."]
[Result "1-0"]
[WhiteElo "1091"]
[BlackElo "531"]
[PlyCount "55"]
[EventDate "2020.??.??"]

1. d4 e5 2. d5 Nf6 3. c4 c6 4. Nc3 cxd5 5. cxd5 Qa5 6. e3 Bb4 7. Nge2 O-O 8. g3
b6 9. Bg2 Bb7 10. e4 Na6 11. Bd2 Nc5 12. a3 Nd3+ 13. Kf1 Nxb2 14. axb4 Qxb4 15.
Na4 Nxd1 16. Bxb4 Nxf2 17. Kxf2 Rfc8 18. Rhc1 Rxc1 19. Rxc1 Ba6 20. Be7 Bd3 21.
Bxf6 gxf6 22. Ra1 f5 23. exf5 a5 24. Nxb6 Ra7 25. f6 e4 26. Ke3 d6 27. Rc1 Rb7
28. Rc8# 1-0

[Event "Washington Open"]
[Site "Chess.com"]
[Date "2020.05.23"]
[Round "?"]
[White "Kanaparthi, Kushal K."]
[Black "Ghosh, Yohan"]
[Result "1-0"]
[WhiteElo "531"]
[BlackElo "825"]
[PlyCount "35"]
[EventDate "2020.??.??"]

1. e4 e5 2. Nf3 Nc6 3. Nc3 Nf6 4. d4 exd4 5. Nxd4 Bb4 6. Nxc6 bxc6 7. Bd3 O-O
8. Bd2 Re8 9. f3 Bxc3 10. Bxc3 d5 11. Qe2 dxe4 12. fxe4 Nxe4 13. Bxe4 Bf5 14.
Qf3 Bxe4 15. Qf4 Bxg2+ 16. Kf2 Bxh1 17. Qg3 Bd5 18. Qxg7# 1-0

[Event "Washington Open"]
[Site "Chess.com"]
[Date "2020.05.24"]
[Round "?"]
[White "Wong-Godfrey, Emerson"]
[Black "Kanaparthi, Kushal K."]
[Result "1-0"]
[WhiteElo "1114"]
[BlackElo "531"]
[PlyCount "31"]
[EventDate "2020.??.??"]

1. e4 e5 2. Nf3 Nc6 3. Bb5 Nf6 4. O-O d5 5. Nxe5 dxe4 6. Nxc6 bxc6 7. Bxc6+ Bd7
8. Bxa8 Ng4 9. h3 Qxa8 10. hxg4 Qd5 11. Nc3 Qe5 12. d4 Qd6 13. Nxe4 Qd5 14. b3
Qxe4 15. Re1 Qxe1+ 16. Qxe1+ 1-0

[Event "Washington Open"]
[Site "Chess.com"]
[Date "2020.05.24"]
[Round "?"]
[White "Kanaparthi, Kushal K."]
[Black "Murarka, Avni"]
[Result "0-1"]
[WhiteElo "531"]
[BlackElo "1026"]
[PlyCount "66"]
[EventDate "2020.??.??"]

1. e4 c5 2. Nf3 d6 3. d4 cxd4 4. Nxd4 Nf6 5. Nc3 g6 6. Bb5+ Bd7 7. Bxd7+ Nbxd7
8. O-O Bg7 9. Re1 O-O 10. Ncb5 a6 11. Nc3 Rc8 12. Nd5 Nxd5 13. exd5 Rc4 14. c3
e5 15. Qb3 b5 16. Nc6 Qh4 17. a4 Nc5 18. Qc2 Rg4 19. g3 Re8 20. Kf1 Qh3+ 21.
Kg1 e4 22. axb5 axb5 23. b4 Nd3 24. Qa2 Bxc3 25. Re3 Ne1 26. Rxe1 Bxe1 27. Ne7+
Rxe7 28. Qa8+ Kg7 29. Bb2+ f6 30. Ra7 Bxf2+ 31. Kxf2 Qxh2+ 32. Ke3 Rxg3+ 33.
Kd4 Qd2# 0-1

[Event "Washington Open"]
[Site "Chess.com"]
[Date "2020.05.25"]
[Round "?"]
[White "Parashar, Parth"]
[Black "Kanaparthi, Kushal K."]
[Result "1-0"]
[WhiteElo "920"]
[BlackElo "531"]
[PlyCount "47"]
[EventDate "2020.??.??"]

1. c4 e5 2. Nc3 Nf6 3. g3 Nc6 4. Bg2 Na5 5. d3 d5 6. Nxd5 Nxd5 7. Bxd5 Bb4+ 8.
Bd2 Bxd2+ 9. Qxd2 Nc6 10. Nf3 O-O 11. Bxc6 bxc6 12. Nxe5 Re8 13. Nxc6 Qd7 14.
Nb4 Re7 15. Nd5 Re6 16. Qf4 Qe8 17. Nxc7 Qc6 18. Nxe6 Qxh1+ 19. Kd2 Qxa1 20.
Nc7 Qxb2+ 21. Ke3 Qb8 22. Nxa8 Qxa8 23. Qe4 Be6 24. Qxa8+ 1-0

[Event "Washington Open"]
[Site "Chess.com"]
[Date "2020.05.25"]
[Round "?"]
[White "Kanaparthi, Kushal K."]
[Black "Tang, Ryan"]
[Result "0-1"]
[WhiteElo "531"]
[BlackElo "693"]
[PlyCount "46"]
[EventDate "2020.??.??"]

1. e4 e5 2. Nf3 Nc6 3. Nc3 Nf6 4. d4 exd4 5. Nxd4 Nxd4 6. Qxd4 Bd6 7. Bc4 Qe7
8. Bg5 Be5 9. Bxf6 Qxf6 10. Nd5 Bxd4 11. Nxf6+ Bxf6 12. O-O-O O-O 13. Rhe1 d6
14. f4 Bg4 15. Be2 Bxe2 16. Rxe2 Rae8 17. Rd5 h6 18. e5 dxe5 19. fxe5 Re7 20.
c4 Rfe8 21. b4 Rxe5 22. Rexe5 Rxe5 23. Rd8+ Bxd8 0-1

[Event "Washington Open"]
[Site "Chess.com"]
[Date "2020.05.23"]
[Round "?"]
[White "Kompella, Aditya"]
[Black "Ma, Lucas"]
[Result "1-0"]
[WhiteElo "901"]
[BlackElo "1089"]
[PlyCount "129"]
[EventDate "2020.??.??"]

1. e4 c5 2. Nf3 Nc6 3. c3 d5 4. exd5 Qxd5 5. d4 cxd4 6. cxd4 e6 7. Nc3 Qd8 8.
Bc4 Nf6 9. O-O g6 10. Bg5 Bg7 11. Re1 O-O 12. Ne4 a6 13. Bb3 h6 14. Nxf6+ Bxf6
15. Bxh6 Re8 16. Re4 Bg7 17. Qd2 Bf6 18. Bg5 Bxg5 19. Nxg5 Kg7 20. Rh4 Rh8 21.
Rxh8 Qxh8 22. Qf4 Qf8 23. d5 exd5 24. Bxd5 Nd8 25. Qd4+ f6 26. Ne4 Bf5 27. Ng5
Rc8 28. Be6 Nxe6 29. Qd7+ Kh6 30. Nxe6 Bxe6 31. Qxe6 Qc5 32. g3 Qc6 33. Re1 Rc7
34. Qe3+ Kg7 35. h4 b5 36. Qa3 Qb6 37. Re7+ Rxe7 38. Qxe7+ Kg8 39. Qe8+ Kg7 40.
Qe7+ Kg8 41. Qe4 Kg7 42. Qg4 f5 43. Qg5 a5 44. h5 a4 45. Qxg6+ Qxg6 46. hxg6
Kxg6 47. Kg2 Kg5 48. Kf3 Kf6 49. Ke3 Ke5 50. f3 b4 51. Kd3 Kd5 52. g4 fxg4 53.
fxg4 b3 54. axb3 axb3 55. g5 Ke5 56. Kc3 Kf5 57. Kxb3 Kxg5 58. Ka4 Kf6 59. Ka5
Ke7 60. Ka6 Kd7 61. b3 Kc8 62. b4 Kb8 63. Kb6 Ka8 64. Kc7 Ka7 65. b5 1-0

[Event "Washington Open"]
[Site "Chess.com"]
[Date "2020.05.23"]
[Round "?"]
[White "O'Brien, Hansol"]
[Black "Kompella, Aditya"]
[Result "0-1"]
[WhiteElo "1229"]
[BlackElo "901"]
[PlyCount "126"]
[EventDate "2020.??.??"]

1. e4 e5 2. Nf3 Nf6 3. Nc3 Nc6 4. Bb5 Bb4 5. O-O d6 6. d3 h6 7. Nd5 Bc5 8. Be3
Bb6 9. Qd2 O-O 10. Nxb6 axb6 11. Bc4 Na5 12. Bb3 Bg4 13. Kh1 Bxf3 14. gxf3 Nxb3
15. cxb3 Nh5 16. Rg1 Qf6 17. Qe2 Rfe8 18. a3 Nf4 19. Bxf4 Qxf4 20. Rg4 Qf6 21.
Rag1 g6 22. Qe3 h5 23. R4g3 Kh7 24. Rc1 c5 25. Qd2 h4 26. Rh3 g5 27. Rg1 Rg8
28. Rg4 Qe6 29. Kg2 f6 30. Qc3 b5 31. b4 cxb4 32. Qxb4 Qd7 33. Qb3 Rgc8 34. Qd5
Rc2 35. Qb3 Re2 36. Kf1 Rd2 37. Ke1 Rxd3 38. Qxd3 b4 39. Qb3 bxa3 40. bxa3 Ra6
41. Kd2 Ra8 42. Kc2 Rc8+ 43. Kb2 Kh6 44. Ka2 Qc6 45. f4 exf4 46. Rd3 Qxe4 47.
Rg1 Qe2+ 48. Ka1 Qxf2 49. Rgd1 Rc6 50. Qxb7 Rb6 51. R3d2 Qxd2 52. Rxd2 Rxb7 53.
Rxd6 Kg6 54. Ka2 f3 55. Rd2 g4 56. Rf2 Kg5 57. a4 Kf4 58. Ka3 g3 59. hxg3+ hxg3
60. Rf1 g2 61. Rg1 f2 62. Rxg2 f1=Q 63. Ra2 Qd3# 0-1

[Event "Washington Open"]
[Site "Chess.com"]
[Date "2020.05.24"]
[Round "?"]
[White "Kompella, Aditya"]
[Black "Kolar, Tom"]
[Result "0-1"]
[WhiteElo "901"]
[BlackElo "1277"]
[PlyCount "108"]
[EventDate "2020.??.??"]

1. e4 Nf6 2. Nc3 g6 3. Nf3 Bg7 4. Bc4 O-O 5. d4 e6 6. Bg5 Qe8 7. Ne5 d5 8. Bb5
c6 9. Bd3 Nxe4 10. Nxe4 dxe4 11. Bxe4 f6 12. Bxf6 Bxf6 13. Qe2 Bxe5 14. dxe5
Nd7 15. O-O-O Nxe5 16. f3 Nd7 17. h4 Nc5 18. Bd3 Nxd3+ 19. Rxd3 b6 20. Qe5 Rf5
21. Qg3 Ba6 22. Rdd1 Rd8 23. h5 Rxd1+ 24. Kxd1 Qd8+ 25. Kc1 Qg5+ 26. Qxg5 Rxg5
27. hxg6 hxg6 28. g4 e5 29. Rh4 Be2 30. Rh3 e4 31. f4 Rxg4 32. Re3 Bf3 33. Kd2
Rxf4 34. Ke1 Kg7 35. Ra3 Rf7 36. Ra4 c5 37. c4 g5 38. Ra3 g4 39. Kf2 Kf6 40.
Rc3 Ke5 41. Kg3 Rd7 42. Rc1 Rd2 43. b3 e3 44. Rc3 Kd4 45. Rc1 e2 46. Re1 Rd1
47. Rxe2 Bxe2 48. Kh4 Rg1 49. Kg5 Ra1 50. Kh4 Rxa2 51. Kg3 Ra3 52. Kf2 Bf3 53.
Kg3 Rxb3 54. Kf4 Kxc4 0-1

[Event "Washington Open"]
[Site "Chess.com"]
[Date "2020.05.24"]
[Round "?"]
[White "Shanmugam, Meera"]
[Black "Kompella, Aditya"]
[Result "0-1"]
[WhiteElo "1224"]
[BlackElo "901"]
[PlyCount "70"]
[EventDate "2020.??.??"]

1. e4 e5 2. Nf3 Nf6 3. Nxe5 d6 4. Nf3 Nxe4 5. d4 d5 6. Bd3 Bf5 7. O-O Nc6 8. c4
dxc4 9. Bxc4 Nd6 10. Re1+ Be7 11. Be2 O-O 12. Nc3 Re8 13. Bf4 Bf6 14. Qd2 Ne4
15. Nxe4 Bxe4 16. Red1 Qd7 17. d5 Qxd5 18. Bxc7 Rac8 19. Bg3 Rcd8 20. Qc1 Qe6
21. Re1 Re7 22. Nd2 Bg6 23. Bf3 Qxe1+ 24. Qxe1 Rxe1+ 25. Rxe1 Bxb2 26. Bh4 f6
27. Nf1 Bc3 28. Rc1 Bb2 29. Re1 Re8 30. Bd5+ Kf8 31. Rd1 Bf7 32. Bf3 Bxa2 33.
Rd2 Bc4 34. Ne3 Bc1 35. Nxc4 Re1# 0-1

[Event "Washington Open"]
[Site "Chess.com"]
[Date "2020.05.25"]
[Round "?"]
[White "Kompella, Aditya"]
[Black "Jammalamadaka, Vihaan"]
[Result "1-0"]
[WhiteElo "901"]
[BlackElo "1312"]
[PlyCount "75"]
[EventDate "2020.??.??"]

1. e4 c5 2. Nf3 Nc6 3. d4 cxd4 4. Nxd4 Nf6 5. Nc3 e6 6. Nxc6 bxc6 7. Bg5 Be7 8.
e5 Nd5 9. Bxe7 Qxe7 10. Qd2 O-O 11. O-O-O Rb8 12. a3 Nxc3 13. Qxc3 Bb7 14. Rd6
f6 15. h4 fxe5 16. Qxe5 Rxf2 17. Rxd7 Qxd7 18. Qxb8+ Kf7 19. Bd3 h6 20. Qxa7
Rxg2 21. Rf1+ Kg8 22. Qb8+ Qc8 23. Qd6 Rg4 24. h5 c5 25. Bg6 Be4 26. Bf7+ Kh7
27. Bxe6 Qe8 28. Bxg4 Qa4 29. Bf5+ Bxf5 30. Rxf5 Qe4 31. Qg6+ Kg8 32. Qf7+ Kh8
33. Qd5 Qe1+ 34. Qd1 Qe3+ 35. Kb1 Qe7 36. Qf1 Kh7 37. Rf8 c4 38. Qf5+ 1-0

[Event "Washington Open"]
[Site "Chess.com"]
[Date "2020.05.25"]
[Round "?"]
[White "Kompella, Aditya"]
[Black "Nallabothula, Varin"]
[Result "1-0"]
[WhiteElo "901"]
[BlackElo "1293"]
[PlyCount "145"]
[EventDate "2020.??.??"]

1. e4 e5 2. Nf3 Nf6 3. Nc3 Nc6 4. Bb5 Nd4 5. Nxd4 exd4 6. Nd5 c6 7. Nxf6+ Qxf6
8. Bc4 Bc5 9. d3 O-O 10. Qh5 Bb6 11. Bg5 Qg6 12. Qxg6 hxg6 13. O-O-O Re8 14. h4
Bc7 15. Rh3 d5 16. exd5 Bxh3 17. gxh3 cxd5 18. Bxd5 Rab8 19. Rg1 Bd8 20. Rg4
Bxg5+ 21. hxg5 Re1+ 22. Kd2 Re5 23. Rxd4 Rxg5 24. Be4 Rh5 25. Rd7 Rxh3 26. Bxb7
Rh5 27. b4 Rb5 28. Bd5 Rxb4 29. Rxf7 R8b5 30. Bc4 Rb8 31. Rxa7+ Kh7 32. Bd5 Rc8
33. c4 Rb2+ 34. Ke3 Re8+ 35. Be4 Rb6 36. a4 Ree6 37. c5 Ra6 38. Rxa6 Rxa6 39.
c6 Ra7 40. Kd4 Rxa4+ 41. Kc5 Ra1 42. c7 Rc1+ 43. Kb6 Rb1+ 44. Kc5 Rc1+ 45. Kd6
Kh6 46. Kd7 Kg5 47. c8=Q Rxc8 48. Kxc8 Kf4 49. Bxg6 Ke5 50. Kd7 Kd4 51. Kd6 Kc3
52. Ke6 Kd4 53. Kf7 Kd5 54. Kxg7 Ke5 55. Kf7 Kd4 56. f4 Kd5 57. Ke7 Kd4 58. f5
Ke5 59. f6 Kd5 60. f7 Ke5 61. f8=Q Kd5 62. Qf5+ Kc6 63. d4 Kb7 64. d5 Kb8 65.
d6 Kb7 66. Qc5 Ka8 67. d7 Kb7 68. Be4+ Ka6 69. Bb7+ Kxb7 70. d8=Q Ka6 71. Qda5+
Kb7 72. Qab6+ Ka8 73. Qca5# 1-0

[Event "Washington Open"]
[Site "Chess.com"]
[Date "2020.05.23"]
[Round "?"]
[White "Sankar, Abhay"]
[Black "Zhang, Zhibo"]
[Result "1-0"]
[WhiteElo "1089"]
[BlackElo "843"]
[PlyCount "37"]
[EventDate "2020.??.??"]

1. d4 d5 2. c4 Nf6 3. cxd5 Qxd5 4. Nc3 Qh5 5. Nf3 Bg4 6. Bf4 Nc6 7. Bxc7 e6 8.
Ne5 Nxe5 9. dxe5 Nd7 10. f3 Bf5 11. e4 Bg6 12. Bb5 Bc5 13. Qxd7+ Kf8 14. Bd6+
Bxd6 15. Qxd6+ Kg8 16. O-O-O Qg5+ 17. Kb1 Qxg2 18. Qd8+ Rxd8 19. Rxd8# 1-0

[Event "Washington Open"]
[Site "Chess.com"]
[Date "2020.05.23"]
[Round "?"]
[White "Zhang, Zhibo"]
[Black "Verma, Darsh"]
[Result "0-1"]
[WhiteElo "843"]
[BlackElo "840"]
[PlyCount "50"]
[EventDate "2020.??.??"]

1. e4 e5 2. Nf3 Nc6 3. d4 exd4 4. Nxd4 Nxd4 5. Qxd4 c5 6. Qd5 Nf6 7. Qf5 d6 8.
Qf3 Be7 9. Bc4 O-O 10. Nc3 a6 11. Bg5 b5 12. Nxb5 axb5 13. Bxb5 Qa5+ 14. c3
Qxb5 15. e5 Bg4 16. Qe3 dxe5 17. Qxe5 Rfe8 18. h3 Bd6 19. Qxe8+ Rxe8+ 20. Kd2
Qe2+ 21. Kc1 h6 22. Bd2 Ne4 23. Be3 Nxf2 24. Bxf2 Bf4+ 25. Kb1 Bf5# 0-1

[Event "Washington Open"]
[Site "Chess.com"]
[Date "2020.05.24"]
[Round "?"]
[White "Zhang, Zhibo"]
[Black "Han, Shuyi"]
[Result "0-1"]
[WhiteElo "843"]
[BlackElo "758"]
[PlyCount "84"]
[EventDate "2020.??.??"]

1. e4 c5 2. Nf3 d6 3. Bc4 Nf6 4. Nc3 g6 5. d3 Bg7 6. Bg5 O-O 7. e5 dxe5 8. Nxe5
e6 9. O-O h6 10. Bxf6 Qxf6 11. Re1 Nd7 12. Nxd7 Bxd7 13. Nb5 Bxb5 14. Bxb5 Qxb2
15. Rb1 Qxa2 16. Qf3 Qxc2 17. Qxb7 a5 18. h3 Bd4 19. Rf1 Bg7 20. Rbc1 Rfb8 21.
Qxb8+ Rxb8 22. Rxc2 Rxb5 23. Re1 a4 24. Ra2 Ra5 25. Re4 a3 26. Rc4 Be5 27. Rc3
Bxc3 28. Rc2 a2 29. Rc1 a1=Q 30. Rxa1 Rxa1+ 31. Kh2 Be5+ 32. g3 Rd1 33. f4 Bd4
34. Kg2 Rxd3 35. Kh2 Rd2+ 36. Kh1 Rd3 37. g4 c4 38. Kh2 c3 39. f5 c2 40. fxe6
fxe6 41. g5 c1=Q 42. Kg2 Qg1# 0-1

[Event "Washington Open"]
[Site "Chess.com"]
[Date "2020.05.24"]
[Round "?"]
[White "Tang, Ryan"]
[Black "Zhang, Zhibo"]
[Result "1-0"]
[WhiteElo "693"]
[BlackElo "843"]
[PlyCount "93"]
[EventDate "2020.??.??"]

1. e4 e5 2. Nf3 Nc6 3. Nc3 Bc5 4. Bc4 Nf6 5. d3 d6 6. Bg5 Bg4 7. h3 Bh5 8. Nd5
a6 9. c3 b5 10. Bb3 O-O 11. Nxf6+ gxf6 12. Bh6 Re8 13. Bd5 Qd7 14. O-O Rad8 15.
b4 Bb6 16. Be3 Bxe3 17. fxe3 Na7 18. d4 exd4 19. Qxd4 Nc6 20. Qxf6 Ne5 21. Qg5+
Bg6 22. Qf6 Nxf3+ 23. Qxf3 c6 24. Bb3 Bxe4 25. Qxf7+ Qxf7 26. Bxf7+ Kf8 27.
Bxe8+ Kxe8 28. a4 bxa4 29. Rxa4 Rd7 30. Rxa6 Rg7 31. Ra8+ Ke7 32. Ra7+ Ke6 33.
Rxg7 Ke5 34. Re7+ Kd5 35. Rd1+ Kc4 36. Rxe4+ Kxc3 37. Rxd6 h5 38. Rxc6+ Kd3 39.
Rcc4 h4 40. Red4+ Kxe3 41. Rxh4 Ke2 42. b5 Kd2 43. b6 Ke2 44. b7 Kd2 45. b8=Q
Ke2 46. Qe5+ Kd1 47. Rhd4# 1-0

[Event "Washington Open"]
[Site "Chess.com"]
[Date "2020.05.25"]
[Round "?"]
[White "Shanmugam, Varsha"]
[Black "Zhang, Zhibo"]
[Result "1-0"]
[WhiteElo "616"]
[BlackElo "843"]
[PlyCount "121"]
[EventDate "2020.??.??"]

1. e4 e5 2. Nf3 Nc6 3. Bc4 Bc5 4. O-O Nf6 5. d3 d6 6. h3 Bd7 7. Bg5 h6 8. Bh4
Bd4 9. c3 Bc5 10. Qb3 O-O 11. Nbd2 Rb8 12. Rfe1 Re8 13. Bxf7+ Kf8 14. Bxe8 Qxe8
15. Bxf6 gxf6 16. Nc4 Ne7 17. d4 Ba4 18. Nxd6 Bxb3 19. Nxe8 Rxe8 20. axb3 exd4
21. cxd4 Bb4 22. Rec1 Ng6 23. Re1 Bxe1 24. Rxe1 Nf4 25. e5 fxe5 26. Rxe5 Rd8
27. Rf5+ Ke7 28. Rxf4 Ke6 29. Rh4 Kf5 30. Rxh6 Kf4 31. Rf6+ Ke4 32. g4 Rd5 33.
g5 Rb5 34. g6 Rd5 35. Rf8 Rd7 36. Ne5 Rg7 37. Rf6 Kxd4 38. Rf7 Rg8 39. g7 Kxe5
40. Rf8 Rxg7+ 41. Kf1 Rh7 42. Kg2 Kd4 43. Kg3 Kd3 44. Kg4 Kc2 45. h4 Kxb3 46.
h5 Kxb2 47. Kg5 Kc3 48. Kg6 Re7 49. h6 b5 50. h7 b4 51. h8=Q+ Kc2 52. Qh2 b3
53. f4+ Kc1 54. Qg1+ Kc2 55. Rb8 a5 56. Qc5+ Kd3 57. Rxb3+ Ke4 58. Qxe7+ Kxf4
59. Qxc7+ Kg4 60. Qxa5 Kf4 61. Qf5# 1-0